000 00339nam a2200145Ia 4500
008 151213s9999 xx 000 0 und d
082 _a332
_b332
245 _aOxford dictionary of finance & banking
250 _a2nd
260 _bOxford university
_c2002
300 _a1161 p.
650 _aFinance
650 _aFinance
999 _c1049
_d1049